Alte Namen der Länder #3 - Statistiken

Allgemein
  • Dieses Quiz wurde 160 mal gespielt
  • Das Durchschnittsergebnis liegt bei 8 aus 16
Antwortstatistiken
Land vor Land Heute % Korrekt
Persis Iran
87%
Westpakistan Pakistan
77%
Ostpakistan Bangladesch
76%
Britisch-Guayana Guyana
76%
Tanganjika und Sansibar Tansania
76%
Französisch-Guinea Guinea
75%
Transjordanien Jordanien
63%
British Honduras Belize
59%
Französische Somaliküste Dschibuti
54%
Basutoland Lesotho
23%
Amarapura Myanmar
21%
Albion Vereinigtes Königreich
21%
Königreich Tungning Taiwan
18%
Pfefferküste Liberia
17%
Trucial States Vereinigte Arabische Emirate
7%
Alašija Zypern
5%
Keine übereinstimmenden Quizze gefunden
Verteilung der Resultate
Anzahl Personen mit jedem Resultat
Perzentil nach korrekt beantworteten Fragen
Ihre Resultats-Entwicklung
Sie haben dieses Quiz noch nicht gespielt